00504nam a22001577a 4500003000400000008004100004020001800045082001600063100002000079245002800099250001800127260006500145300001300210650008700223700003600310OSt200706b ||||| |||| 00| 0 eng d a9788123928814 a615.107 SID aSingh, Gajendra aDrug Regulatory Affairs aApril 6, 2018 aNew DelhibCBS Publishers & Distributors Pvt. Ltd. Pvt. Ltd. aPg. 192  aPharmaceutics- Drug Delivery Systems,Pharmaceutical Engineering Regularity Science aAgarwal, Gaurav & Gupta, Vipul